Normal view
MARC view
- FIREWALLS - HOW TO INSTALL AND MAINTAIN COMMON FIREWALLS
Entry Topical Term
001 - CONTROL NUMBER
- control field: 61453
003 - CONTROL NUMBER IDENTIFIER
- control field: NUST
005 - DATE AND TIME OF LATEST TRANSACTION
- control field: 20210628202745.0
008 - FIXED-LENGTH DATA ELEMENTS
- fixed length control field: 210628|| aca||aabn | a|a d
040 ## - CATALOGING SOURCE
- Original cataloging agency: NUST
- Transcribing agency: NUST
150 ## - HEADING--TOPICAL TERM
- Topical term or geographic name entry element: FIREWALLS - HOW TO INSTALL AND MAINTAIN COMMON FIREWALLS
670 ## - SOURCE DATA FOUND
- Source citation: Work cat.: (NUST): Strassberg, Keith.E,Gondek, Richard.J,Rollie, Gary 61452, Firewalls the complete reference, 2002
